<?xml version="1.0" encoding="UTF-8"?>
<record
    xmlns:xsi="http://www.w3.org/2001/XMLSchema-instance"
    xsi:schemaLocation="http://www.loc.gov/MARC21/slim http://www.loc.gov/standards/marcxml/schema/MARC21slim.xsd"
    xmlns="http://www.loc.gov/MARC21/slim">

  <leader>00275nam a2200121Ia 4500</leader>
  <controlfield tag="003">OSt</controlfield>
  <controlfield tag="005">20250509154452.0</controlfield>
  <datafield tag="040" ind1=" " ind2=" ">
    <subfield code="c">LCC</subfield>
  </datafield>
  <datafield tag="050" ind1=" " ind2=" ">
    <subfield code="a">HT 148 .K4 U73 1981</subfield>
  </datafield>
  <datafield tag="100" ind1=" " ind2=" ">
    <subfield code="a">Obudho,R. A.</subfield>
  </datafield>
  <datafield tag="245" ind1=" " ind2="0">
    <subfield code="a">Urbanization and Development Planning in Kenya</subfield>
  </datafield>
  <datafield tag="942" ind1=" " ind2=" ">
    <subfield code="c">BK</subfield>
    <subfield code="2">ddc</subfield>
    <subfield code="n">0</subfield>
  </datafield>
  <datafield tag="999" ind1=" " ind2=" ">
    <subfield code="c">74511</subfield>
    <subfield code="d">74511</subfield>
  </datafield>
  <datafield tag="952" ind1=" " ind2=" ">
    <subfield code="0">0</subfield>
    <subfield code="1">0</subfield>
    <subfield code="2">lcc</subfield>
    <subfield code="4">0</subfield>
    <subfield code="7">0</subfield>
    <subfield code="8">BUS</subfield>
    <subfield code="a">KSUL</subfield>
    <subfield code="b">KSUL</subfield>
    <subfield code="c">DISPLAY</subfield>
    <subfield code="d">2024-04-18</subfield>
    <subfield code="i">04046/87</subfield>
    <subfield code="l">0</subfield>
    <subfield code="o">HB 2161 I62.5 U73 1981</subfield>
    <subfield code="p">001152</subfield>
    <subfield code="r">2024-04-18 12:53:00</subfield>
    <subfield code="t">C.1</subfield>
    <subfield code="w">2024-04-18</subfield>
    <subfield code="y">BK</subfield>
  </datafield>
  <datafield tag="952" ind1=" " ind2=" ">
    <subfield code="0">0</subfield>
    <subfield code="1">0</subfield>
    <subfield code="2">lcc</subfield>
    <subfield code="4">0</subfield>
    <subfield code="7">0</subfield>
    <subfield code="8">BUS</subfield>
    <subfield code="a">KSUL</subfield>
    <subfield code="b">KSUL</subfield>
    <subfield code="c">DISPLAY</subfield>
    <subfield code="d">2024-04-18</subfield>
    <subfield code="i">04049/87</subfield>
    <subfield code="l">1</subfield>
    <subfield code="o">HT 148 .K4  U73 1981</subfield>
    <subfield code="p">000000007444</subfield>
    <subfield code="r">2026-04-12 12:05:03</subfield>
    <subfield code="s">2026-03-30</subfield>
    <subfield code="t">C.3</subfield>
    <subfield code="w">2024-04-18</subfield>
    <subfield code="y">BK</subfield>
  </datafield>
  <datafield tag="952" ind1=" " ind2=" ">
    <subfield code="0">0</subfield>
    <subfield code="1">0</subfield>
    <subfield code="2">lcc</subfield>
    <subfield code="4">0</subfield>
    <subfield code="7">0</subfield>
    <subfield code="8">BUS</subfield>
    <subfield code="a">KSUL</subfield>
    <subfield code="b">KSUL</subfield>
    <subfield code="c">DISPLAY</subfield>
    <subfield code="d">2024-04-18</subfield>
    <subfield code="i">04047/87</subfield>
    <subfield code="l">0</subfield>
    <subfield code="o">HB 2161 I62.5 U73 1981</subfield>
    <subfield code="p">001542</subfield>
    <subfield code="r">2024-04-18 12:53:00</subfield>
    <subfield code="t">C.2</subfield>
    <subfield code="w">2024-04-18</subfield>
    <subfield code="y">BK</subfield>
  </datafield>
  <datafield tag="952" ind1=" " ind2=" ">
    <subfield code="0">0</subfield>
    <subfield code="1">0</subfield>
    <subfield code="2">lcc</subfield>
    <subfield code="4">0</subfield>
    <subfield code="7">0</subfield>
    <subfield code="8">BUS</subfield>
    <subfield code="a">KSUL</subfield>
    <subfield code="b">KSUL</subfield>
    <subfield code="c">DISPLAY</subfield>
    <subfield code="d">2024-10-29</subfield>
    <subfield code="i">19238</subfield>
    <subfield code="l">0</subfield>
    <subfield code="o">HT 148 .K4 U73 1981</subfield>
    <subfield code="p">000000015502</subfield>
    <subfield code="r">2024-10-29 10:17:00</subfield>
    <subfield code="t">C.4</subfield>
    <subfield code="w">2024-10-29</subfield>
    <subfield code="y">BK</subfield>
  </datafield>
</record>
